-
Morley, Deborah and parker charles s.
Entry Personal Name
Number of records used in: 1
001 - CONTROL NUMBER
003 - CONTROL NUMBER IDENTIFIER
005 - DATE AND TIME OF LATEST TRANSACTION
- control field:
20180201153527.0
008 - FIXED-LENGTH DATA ELEMENTS
- fixed length control field:
180201|| aca||aabn | a|a d
040 ## - CATALOGING SOURCE
- Original cataloging agency:
OSt
- Transcribing agency:
OSt
100 ## - HEADING--PERSONAL NAME
- Personal name:
Morley, Deborah and parker charles s.
670 ## - SOURCE DATA FOUND
- Source citation:
Work cat.: (OSt)55: Morley, Deborah and parker charles s., Understanding Computers, 2008